000 00925nam1a22002531i 4500
001 RU\NLR\INFOCOMM_161\5000087664
005 20240726061600.0
035 _a(NLR Aleph) 009343669
090 _a9528317
_c9528317
100 _a20101031d1935 |||y0rusy50 ba
101 0 _agre
_fgre
102 _aRU
105 _aa ||||000|y
200 1 _aˆ...‰ Anagnostiko gia to archiko skolio
_eEkdosi 3
_fE. Γ. Fortunatova
210 _aRostob-Nton
_cKomunistis
_d1935
215 _a1 т.
_cил., портр.
_d22 см
300 _aТит. л. и текст на греч. яз.
300 _aНа 4-й с. обл.: Е. Я. Фортунатова. Книга для чтения для начальной школы
700 1 _9z02790
_aFortunatova
_bE. J.
_gElena Jakovlevna
_4070
790 1 _9z02700
_aFortunatova
_bE. ?.
_4070
801 1 _aRU
_bNLR
_c20101031
801 0 _aRU
_bNLR
_gPSBO
852 _aNLR
_jD18/172
_y2 экз.
942 _cBOOK